The 8051 microcontroller and embedded systems using assembly and C / (Record no. 7050)
[ view plain ]
| 000 -LEADER | |
|---|---|
| fixed length control field | 00885cam a22002532 4500 |
| 001 - CONTROL NUMBER | |
| control field | 0000005687 |
| 005 - DATE AND TIME OF LATEST TRANSACTION | |
| control field | 20151217152004.0 |
| 008 - FIXED-LENGTH DATA ELEMENTS--GENERAL INFORMATION | |
| fixed length control field | 070621s xx 000 0 eng d |
| 020 ## - INTERNATIONAL STANDARD BOOK NUMBER | |
| International Standard Book Number | 8177589032 : |
| Terms of availability | KES 850 |
| 040 ## - CATALOGING SOURCE | |
| Original cataloging agency | KABU |
| Transcribing agency | KABU |
| 050 #0 - LIBRARY OF CONGRESS CALL NUMBER | |
| Classification number | TJ223 |
| Item number | .P76M39 2006 |
| 100 1# - MAIN ENTRY--PERSONAL NAME | |
| Personal name | Mazidi, Muhammad Ali. |
| -- | 0000156890 |
| 245 14 - TITLE STATEMENT | |
| Title | The 8051 microcontroller and embedded systems using assembly and C / |
| Statement of responsibility, etc. | Muhammad Ali Mazidi, Janice Gillispie Mazidi, Rolin D. Mckinlay. |
| 250 ## - EDITION STATEMENT | |
| Edition statement | 2nd ed. |
| 260 ## - PUBLICATION, DISTRIBUTION, ETC. (IMPRINT) | |
| Place of publication, distribution, etc. | New Delhi : |
| Name of publisher, distributor, etc. | Pearson Education, |
| Date of publication, distribution, etc. | 2006. |
| 300 ## - PHYSICAL DESCRIPTION | |
| Extent | xiii, 626 p. |
| 650 #0 - SUBJECT ADDED ENTRY--TOPICAL TERM | |
| Topical term or geographic name as entry element | Programmable controllers. |
| -- | 0000156285 |
| 650 #0 - SUBJECT ADDED ENTRY--TOPICAL TERM | |
| Topical term or geographic name as entry element | Embedded computer systems. |
| -- | 0000156891 |
| 700 1# - ADDED ENTRY--PERSONAL NAME | |
| Personal name | Mazizi, Janice Gillispie. |
| -- | 0000156892 |
| 700 1# - ADDED ENTRY--PERSONAL NAME | |
| Personal name | Mckinlay, Rolin D. |
| -- | 0000156893 |
| 908 ## - PUT COMMAND PARAMETER (RLIN) | |
| Put command parameter | 070621 |
| 950 ## - LOCAL HOLDINGS (RLIN) | |
| -- | 1 |
| Withdrawn status | Lost status | Source of classification or shelving scheme | Not for loan | Home library | Current library | Date acquired | Cost, normal purchase price | Total Checkouts | Full call number | Barcode | Date last seen | Copy number | Price effective from | Koha item type | Date last checked out |
|---|---|---|---|---|---|---|---|---|---|---|---|---|---|---|---|
| Library of Congress Classification | Kabarak, Main Campus | Kabarak, Main Campus | 03/08/2018 | 1390.00 | TJ223 .P76M39 2006 c. 1 | 010403 | 17/12/2015 | c. 1 | 03/08/2018 | General Collection | |||||
| Library of Congress Classification | Kabarak, Main Campus | Kabarak, Main Campus | 03/08/2018 | 1390.00 | 1 | TJ223 .P76M39 2006 c. 2 | 024512 | 08/10/2019 | c. 2 | 03/08/2018 | General Collection | 02/10/2019 |